Most Streamed Artists on Spotify - 2023 - Statistics

General Stats
  • This quiz has been taken 452 times
  • The average score is 18 of 50
Answer Stats
Artist % Correct
3. Taylor Swift
92%
1. Drake
91%
4. The Weeknd
72%
5. Ed Sheeran
62%
26. Kendrick Lamar
62%
7. Ariana Grande
60%
18. Rihanna
60%
12. Kanye West
58%
32. Beyoncé
57%
8. Eminem
56%
6. Justin Bieber
56%
2. Bad Bunny
52%
13. Billie Eilish
49%
21. Travis Scott
49%
46. The Beatles
44%
25. Bruno Mars
42%
39. Nicki Minaj
42%
34. Harry Styles
41%
36. Lady Gaga
41%
40. Adele
40%
16. Dua Lipa
40%
14. Coldplay
37%
10. Post Malone
37%
31. Queen
36%
45. Selena Gomez
33%
9. BTS
31%
35. One Direction
29%
48. Shakira
28%
33. Future
26%
19. XXXTENTACION
25%
22. David Guetta
24%
17. Imagine Dragons
24%
24. Maroon 5
24%
38. J. Cole
22%
15. Juice WRLD
22%
27. Shawn Mendes
21%
11. J Balvin
19%
41. Lana Del Rey
19%
29. Calvin Harris
17%
28. Sam Smith
15%
37. Chris Brown
13%
30. Daddy Yankee
13%
42. The Chainsmokers
13%
47. KAROL G
12%
23. Khalid
12%
20. Ozuna
10%
49. Halsey
9%
50. Linkin Park
9%
44. Rauw Alejandro
5%
43. Anuel AA
4%
No matching quizzes found
Score Distribution
Percent of People with Each Score
Percentile by Number Answered
Your Score History
You have not taken this quiz